KOHA-Header-6

Medical MicroBiology (Record no. 1104)

000 -LEADER
fixed length control field 00287nam a2200121Ia 4500
008 - FIXED-LENGTH DATA ELEMENTS--GENERAL INFORMATION
fixed length control field 190722s9999 xx 000 0 und d
020 ## - INTERNATIONAL STANDARD BOOK NUMBER
International Standard Book Number 978-0-19-965513-7
100 ## - MAIN ENTRY--PERSONAL NAME
Personal name Michael Ford
245 #0 - TITLE STATEMENT
Title Medical MicroBiology
260 ## - PUBLICATION, DISTRIBUTION, ETC. (IMPRINT)
Place of publication, distribution, etc Kingdom
Name of publisher, distributor, etc Oxford
Date of publication, distribution, etc 2014
300 ## - PHYSICAL DESCRIPTION
Extent 484
942 ## - ADDED ENTRY ELEMENTS (KOHA)
Koha item type Books
Holdings
Withdrawn status Lost status Damaged status Not for loan Collection code Permanent Location Current Location Shelving location Date acquired Total Checkouts Total Renewals Full call number Barcode Date last seen Date checked out Price effective from Koha item type
        Bio Sciences MAJU MAJU Shelf No.A37 2019-07-22 6 4 616.9 7729 2022-11-29 2022-11-26 2019-07-22 Bio Science

Powered by Koha